| 000 | 00715nam a2200265Ia 4500 | ||
|---|---|---|---|
| 003 | OSt | ||
| 005 | 20220918163218.0 | ||
| 006 | a|||||r|||| 00| 0 | ||
| 007 | ta | ||
| 008 | 220917b |||||||| |||| 00| 0 eng d | ||
| 020 | _a0 333 01663 7 | ||
| 024 | _a252,602 | ||
| 037 | _cTextual | ||
| 040 |
_aARTS _cARTS _beng |
||
| 041 |
_2eng _aeng |
||
| 082 | _aZ1, K81;6 | ||
| 100 |
_aSorensen Max Ed. _912035 |
||
| 245 | 0 | _aManual of public international law edited by Max Sorensen | |
| 260 |
_aLondon _bMacmillan Press UK _c1968 |
||
| 300 |
_alxv,930p. _ccm. |
||
| 500 | _aReprinted 1978 | ||
| 650 |
_aLAW _97240 |
||
| 942 |
_hZ1, K81;6 _cTEXL _2CC |
||
| 999 |
_c118482 _d118482 |
||